000 00518nam a22002177a 4500
003 UA-OsUOA
001 53712
007 ta
008 20080416b un ||||| |||| 00| 0 ukr d
100 _aСкуба В.
090 _a908
_bС-12
942 _cSA
040 _aUA-OsUOA
_bukr
_cUA-OsUOA
_dUA-OsUOA
245 _aЛюбко Дереш в Острозькій академії
300 _aС.1
955 _a0
041 _aukr
080 _a908
773 0 _w53711
650 7 _a908 Краєзнавство
_2UDC
999 _c339800
_d339800